<?xml version="1.0" encoding="UTF-8"?>
<collection xmlns="http://www.loc.gov/MARC21/slim">
    <record>
        <controlfield tag="001">75625</controlfield>
        <controlfield tag="005">20181113142520.0</controlfield>
        <datafield tag="024" ind1="8" ind2=" ">
            <subfield code="2">sideral</subfield>
            <subfield code="a">107311</subfield>
        </datafield>
        <datafield tag="037" ind1=" " ind2=" ">
            <subfield code="a">ART-2018-107311</subfield>
        </datafield>
        <datafield tag="041" ind1=" " ind2=" ">
            <subfield code="a">spa</subfield>
        </datafield>
        <datafield tag="100" ind1=" " ind2=" ">
            <subfield code="0">(orcid)0000-0002-5022-2731</subfield>
            <subfield code="a">Lope Salvador, Víctor</subfield>
            <subfield code="u">Universidad de Zaragoza</subfield>
        </datafield>
        <datafield tag="245" ind1=" " ind2=" ">
            <subfield code="a">Entr´acte de René Clair: algunos préstamos incoherentes en la escritura Dadá</subfield>
        </datafield>
        <datafield tag="260" ind1=" " ind2=" ">
            <subfield code="c">2018</subfield>
        </datafield>
        <datafield tag="506" ind1="0" ind2=" ">
            <subfield code="a">Access copy available to the general public</subfield>
            <subfield code="f">Unrestricted</subfield>
        </datafield>
        <datafield tag="520" ind1="3" ind2=" ">
            <subfield code="a">La película Entr'acte (1924) de René Clair es considerada como dadaísta por parte de las instituciones relevantes dedicadas al arte contemporáneo. Sin embargo, se suele ignorar que una parte de los motivos y acciones que contiene esta película vanguardista tienen su origen más o menos directo en varias obras anteriores, algunas de casi cuatro décadas antes y otras pertenecientes al cine primitivo de la década anterior. En el primer caso, se trata de algunos trabajos de los Incoherentes, un grupo de artistas que desarrollaron sus singulares actividades entre 1882 y 1893. En el segundo caso, los antecedentes se localizan en uno de los cortometrajes del cómico André Deed, el titulado Les Incohérences de Boireau (1913). El análisis de estas vinculaciones constituye una nueva aportación a los estudios sobre la historia del cine y sobre la relación de éste con las vanguardias artísticas.</subfield>
        </datafield>
        <datafield tag="540" ind1=" " ind2=" ">
            <subfield code="9">info:eu-repo/semantics/openAccess</subfield>
            <subfield code="a">by</subfield>
            <subfield code="u">http://creativecommons.org/licenses/by/3.0/es/</subfield>
        </datafield>
        <datafield tag="655" ind1=" " ind2="4">
            <subfield code="a">info:eu-repo/semantics/article</subfield>
            <subfield code="v">info:eu-repo/semantics/publishedVersion</subfield>
        </datafield>
        <datafield tag="710" ind1="2" ind2=" ">
            <subfield code="1">3010</subfield>
            <subfield code="2">105</subfield>
            <subfield code="a">Universidad de Zaragoza</subfield>
            <subfield code="b">Dpto. Lingüíst. Gral. e Hisp.</subfield>
            <subfield code="c">Area Comunic.Audiovis.Publici.</subfield>
        </datafield>
        <datafield tag="773" ind1=" " ind2=" ">
            <subfield code="g">44 (2018), 153-168</subfield>
            <subfield code="p">Trama fondo</subfield>
            <subfield code="t">Trama y Fondo</subfield>
            <subfield code="x">1137-4802</subfield>
        </datafield>
        <datafield tag="856" ind1="4" ind2="1">
            <subfield code="u">http://www.tramayfondo.com/revista/libros/185/09-Victor-Lope.pdf</subfield>
            <subfield code="z">Texto completo de la revista</subfield>
        </datafield>
        <datafield tag="856" ind1="4" ind2=" ">
            <subfield code="s">1470449</subfield>
            <subfield code="u">http://zaguan.unizar.es/record/75625/files/texto_completo.pdf</subfield>
            <subfield code="y">Versión publicada</subfield>
        </datafield>
        <datafield tag="856" ind1="4" ind2=" ">
            <subfield code="s">5959</subfield>
            <subfield code="u">http://zaguan.unizar.es/record/75625/files/texto_completo.jpg?subformat=icon</subfield>
            <subfield code="x">icon</subfield>
            <subfield code="y">Versión publicada</subfield>
        </datafield>
        <datafield tag="909" ind1="C" ind2="O">
            <subfield code="o">oai:zaguan.unizar.es:75625</subfield>
            <subfield code="p">articulos</subfield>
            <subfield code="p">driver</subfield>
        </datafield>
        <datafield tag="951" ind1=" " ind2=" ">
            <subfield code="a">2018-11-13-14:24:37</subfield>
        </datafield>
        <datafield tag="980" ind1=" " ind2=" ">
            <subfield code="a">ARTICLE</subfield>
        </datafield>
    </record>

    
</collection>